Central Library OPAC University of Rajshahi

Fabian essays / (Record no. 5387)

MARC details
000 -LEADER
fixed length control field 00836nam a2200277 a 4500
001 - CONTROL NUMBER
control field 5387
003 - CONTROL NUMBER IDENTIFIER
rucl marc code BD-RjUL
005 - DATE AND TIME OF LATEST TRANSACTION
control field 20211208234047.0
008 - FIXED-LENGTH DATA ELEMENTS--GENERAL INFORMATION
fixed length control field 790430r19191889enk b 001 0 eng d
035 ## - SYSTEM CONTROL NUMBER
System control number (BD-RjUL)5423
System control number (BD-RjUL)
040 ## - CATALOGING SOURCE
Original cataloging agency D2035
Language of cataloging eng
Transcribing agency D2035
Modifying agency AK
041 ## - LANGUAGE CODE
Language code of text/sound track or separate title eng
082 04 - DEWEY DECIMAL CLASSIFICATION NUMBER
Classification number 335.1408
Author mark and year SHF 1962
100 1# - MAIN ENTRY--PERSONAL NAME
Personal name Shaw, Bernard,
Dates associated with a name 1856-1950.
9 (RLIN) 12724
245 10 - TITLE STATEMENT
Title Fabian essays /
Statement of responsibility, etc. by G. Bernard Shaw...[et al] ; with an introduction to the 1920 edition by Sidney Webb.
260 ## - PUBLICATION, DISTRIBUTION, ETC. (IMPRINT)
Place of publication, distribution, etc. London :
Name of publisher, distributor, etc. George allen & unwin ltd,
Date of publication, distribution, etc. c1889[reprinted1962]
300 ## - PHYSICAL DESCRIPTION
Pagination 220p.
Size 20 cm.
500 ## - GENERAL NOTE
General note Index.
504 ## - BIBLIOGRAPHY, ETC. NOTE
Bibliography, etc Includes bibliographical references.
520 ## - SUMMARY, ETC.
Summary, etc. includes index
526 ## - STUDY PROGRAM INFORMATION NOTE
Requested Dept. Sociology
650 #0 - SUBJECT ADDED ENTRY--TOPICAL TERM
Topical term or geographic name as entry element Socialism.
9 (RLIN) 16931
Topical term or geographic name as entry element Socialism
Geographic subdivision Great Britain.
9 (RLIN) 10731
942 ## - ADDED ENTRY ELEMENTS (KOHA)
Source of classification or shelving scheme Dewey Decimal Classification
Koha item type Books
Holdings
Lost status Source of classification or shelving scheme Damaged status Not for loan Collection code Permanent Location Current Location Shelving location Date acquired Source of acquisition Cost, normal purchase price Total Checkouts Full call number Date last seen Copy number Koha item type
  Dewey Decimal Classification   Not For Loan Non-fiction Central Library, University of Rajshahi Central Library, University of Rajshahi   18/09/1967 Swets Zeitlinger 30.00   335.1408 SHF 1962 26/12/2013 C-1 Books